Регионална библиотека "Любен Каравелов" - Русе

Инвестиране на капитала в прехода към пазарна икономика (Запис номер 9152)

MARC детайли
000 -Лидер
Контролно поле с фиксирана дължина 01317nam a2200325 c 4500
003 - Код на организацията, давaща контролен номер
Контролно поле BLK
005 - Дата и час на последна редакция
Контролно поле 20200108160255.0
008 - Елементи от данни с фиксирана дължина
fixed length control field 180412b bul|||||r ||||||| ||bul||
010 ## - Наследен системен номер
LC control number KNG00010560000
020 ## - Международен стандартен номер на книга ISBN
Международен стандартен номер на книга ISBN 954-520-051-0
-- издат.: Отворено о-во
040 ## - Източник на каталожния запис
Идентификатор на билиотеката - собственик на записа BLK
041 ## - Код за език
Код за езика на текст/звукозапис или на отделно заглавие Български
Код за езика КДБФ Български
080 ## - УДК
Текстов определител УДК Капиталовложения. Образуване на капитала. Инвестиции
УДК код - определител по УДК 330.322
УДК определител
УДК - код + определител 330.322
080 ## - УДК
Текстов определител УДК Управление на стопанството в условията на пазарно стопанство
УДК код - определител по УДК 338.242
УДК определител
УДК - код + определител 338.242
139 ## - Редно поле
Редна дума Инвестиране на капитала в прехода към пазарна икономика
Авторски знак Инв - И 62
245 10 - Сведения за заглавието
Заглавие Инвестиране на капитала в прехода към пазарна икономика
257 ## - Страна на издаване
Страна на създаване/издаване България
260 ## - Област на издателските данни
-- София
Име на издателя, разпространителя и проч. Отворено о-во
Година на издаване 1995
300 ## - Физическа характеристика
Страници 248 с.
Илюстрации и др. с табл., диагр.
Размери/Мащаб 24 см
380 ## - Жанр
Жанр Обществени науки
650 #4 - Допълнително описание по предмет – тема
Основно описание – тема или топоним Инвестиции
9 (RLIN) 157148
650 #4 - Допълнително описание по предмет – тема
Основно описание – тема или топоним Пазарна икономика
9 (RLIN) 243192
653 ## - Ключова дума – ненормативна
Ключова дума инвестиции
653 ## - Ключова дума – ненормативна
Ключова дума икономика
852 ## - Местоположение
Форматна сигнатура Цб 185398
856 4# - Електронен адрес и достъп
Електронен формат pdf - файл
Път до файла /url/
856 4# - Електронен адрес и достъп
Електронен формат pdf - файл
Път до файла /url/
942 ## - АРТИКУЛИ
Вид на библиотечния материал Книги
Скрит в OPAC Не
Koha issues (borrowed), all copies 1
944 ## - СЪЗДАВАНЕ И РЕДАКЦИЯ на ЗАПИСА
Създаване/Редакция Създаване
Дата на регистрацията/редакция 15.01.2003
Служител, извършил регистрацията/редакцията Цветанка_Енчева
944 ## - СЪЗДАВАНЕ И РЕДАКЦИЯ на ЗАПИСА
Създаване/Редакция Редакция
Дата на регистрацията/редакция 02.10.2006
Служител, извършил регистрацията/редакцията
999 ## - СИСТЕМНИ КОНТРОЛНИ НОМЕРА
Koha biblionumber 9152
Koha biblioitemnumber 9152
Наличности
Код за отписване Код за изгубен артикул Източник на класификационната схема Код за повреда Коз за рестрикции Код за отдаване Артикулен № Име на библиотеката - собственик Име на библиотеката, в която се намира в момента Статус (Текущо местоположение) Дата на вписване в системата Местоположение - отдел Цена в лева Инвентарен номер Систематично азбучна сигнатура Баркод Номер на екземпляра Цена в евро Служебен тип на артикула Служебна бележка
  Не е изгубен Universal Decimal Classification Не е повреден без рестрикции ползва се в читалня 15938 Регионална библиотека "Любен Каравелов" Русе Регионална библиотека "Любен Каравелов" Русе Хранилище 2001-01-01 Хранилище 0.00 619473 Цб 185398 120000619473 1 0.00 Книги  
Изтеглен Не е изгубен Universal Decimal Classification Не е повреден без рестрикции заемане за дома 15939 Регионална библиотека "Любен Каравелов" Русе Регионална библиотека "Любен Каравелов" Русе Заемна - подръчен фонд 2001-01-01 Заемна - подръчен фонд 2.93 627067 П 330/И 62 120000627067 2 1.50 Книги Дата инв: 05.02.2018 Бележки инв: П2018
Изтеглен Не е изгубен Universal Decimal Classification Не е повреден без рестрикции заемане за дома 15940 Регионална библиотека "Любен Каравелов" Русе Регионална библиотека "Любен Каравелов" Русе Заемна - подръчен фонд 2001-01-01 Заемна - подръчен фонд 4.40 627068 П 330/И 62 627068 3 2.25 Книги Дата инв: 05.02.2018 Бележки инв: П2018
Изтеглен Не е изгубен Universal Decimal Classification Не е повреден без рестрикции заемане за дома 15941 Регионална библиотека "Любен Каравелов" Русе Регионална библиотека "Любен Каравелов" Русе Заемна - подръчен фонд 2001-01-01 Заемна - подръчен фонд 4.40 627069 П 330/И 62 627069 4 2.25 Книги Дата инв: 05.02.2018 Бележки инв: П2018
Vip Innovations Ltd, Rousse, Bulgaria 2025